Aplicación de la sanción del artículo 275 de la ley de contrato de trabajo a la aseguradora de riesgos de trabajo demandada (Registro nro. 29868)

Detalles MARC
000 -LEADER
fixed length control field 00406 a2200109 4500
001 - CONTROL NUMBER
control field ART_50878
005 - DATE AND TIME OF LATEST TRANSACTION
control field 20260410161945.0
008 - FIXED-LENGTH DATA ELEMENTS--GENERAL INFORMATION
fixed length control field 260409a
100 1# - MAIN ENTRY--PERSONAL NAME
Personal name Favier, Daniela
245 10 - TITLE STATEMENT
Title Aplicación de la sanción del artículo 275 de la ley de contrato de trabajo a la aseguradora de riesgos de trabajo demandada
773 0# - HOST ITEM ENTRY
Title Temas de derecho laboral
Related parts - N° 6 (jun. 2020)
Record control number REV27619

No hay ítems disponibles.